00679nam a22002057a 450000500170000000800410001704000070005824500200006525000340008549000240011952002210014365000120036465000080037665000110038465000110039565000120040694200120041899900150043095200280044520250519140004.0250519b |||||||| |||| 00| 0 eng d cDO aAround at last! aSeptember 1999 Vol. 196 No. 3 aNational Geographic aKashmir: Trapped in Conflict, Around At Last!, Masai Passage to Manhood, Olive Oil, Elixir of the Gods, Preserving the Gods, Preserving the Sahara's Art, Hunting With Eagles, Rodeos-Behind the Chutes, Galileo Mission xMANHOOD xOIL xSAHARA xEAGLES xJUPITER 2ddccCR c5540d5540 aDObDOpDSMSR091999-045